Relevance of the material deprivation indicator, evidence based on Slovak EU-SILC microdata

Indikátor materiálnej deprivácie. Materiálna deprivácia je považovaná ako jedna z dimenzií sociálnej exklúzie. Materiálna deprivácia v kontexte Európskej únie. Hodnotenie indikátora. Zmeny v množstve kondičných požiadaviek. Zmeny v podmienkach na základe ich štatistického významu.

Salvato in:
Dettagli Bibliografici
Autore principale: Gavuliak, Roman
Natura: Capitolo di libro
Lingua:inglese
Soggetti:
Tags: Aggiungi Tag
Nessun Tag, puoi essere il primo ad aggiungerne!!

MARC

LEADER 00000naa$a2200000$$$4500
001 0159781
005 20251204124841.8
041 0 |a eng 
044 |a CZ 
245 1 0 |a Relevance of the material deprivation indicator, evidence based on Slovak EU-SILC microdata  |c Roman Gavuliak 
520 |a Indikátor materiálnej deprivácie. Materiálna deprivácia je považovaná ako jedna z dimenzií sociálnej exklúzie. Materiálna deprivácia v kontexte Európskej únie. Hodnotenie indikátora. Zmeny v množstve kondičných požiadaviek. Zmeny v podmienkach na základe ich štatistického významu. 
610 2 0 |a deprivácia 
610 2 0 |a deprivácia materiálna 
610 2 0 |a vylúčenie sociálne 
610 2 0 |a ukazovatele 
610 2 0 |a ukazovatele štatistické 
610 2 0 |a Slovensko 
610 2 0 |a EU-SILC 
100 1 |a Gavuliak, Roman